NBA team quizzes New York Knicks - Statistics

General Stats
  • This quiz has been taken 67 times
  • The average score is 10 of 12
Answer Stats
Hint Answer % Correct
Scoring leader Patrick Ewing
98%
how many rings do they have 2
95%
how many finals appearances do they have 8
95%
Rebounds leader Patrick Ewing
95%
how many jerseys have they retired 8
92%
when was their most recent ring (say never if they didn't win one) 1973
90%
Blocks leader Patrick Ewing
88%
what number did Carmelo Anthony wear 7
86%
what number did Patrick Ewing wear. 33
83%
Assists leader Walt Frazier
76%
who was their most recent jersey retirement (say none if they didn't retire any) Patrick Ewing
69%
Steals leader Patrick Ewing
58%
No matching quizzes found
Score Distribution
Percent of People with Each Score
Percentile by Number Answered
Your Score History
You have not taken this quiz